|
|
|
|
| LEADER |
00000nab a2200000uu 4500 |
| 001 |
vtls010885096 |
| 003 |
SK-MaSNL |
| 005 |
20260303144719.0 |
| 008 |
230222|1960 xo |||||||||||||||||slo| |
| 015 |
|
|
|a SNBRB
|
| 035 |
|
|
|a (urnnbn)urn:nbn:sk:snk:ar-002cc1
|
| 035 |
|
|
|a (uuid)201d0873-068b-4d70-88d7-5d2af1a87c1d
|
| 035 |
|
|
|a urn:nbn:sk:snk-ab8g8n
|
| 040 |
|
|
|a SNKBUCL
|b slo
|c SNKBUCL
|e AACR2
|
| 041 |
0 |
|
|a slo
|
| 044 |
|
|
|a xo
|c SK
|
| 100 |
1 |
|
|a Potemrová, Mária,
|d 1922-2015
|4 aut
|9 185294
|
| 245 |
1 |
0 |
|a Hudba východného Slovenska v minulosti a súčasnosti
|c Mária Potemrová
|
| 773 |
0 |
|
|t Slovenská hudba : revue pre hudobnú kultúru
|g Roč. 4, č. 12 (1960), s. 574-579
|
| 954 |
|
|
|a odborná, vedecká literatúra pôvodná (slovenská)
|2 lita
|
| 958 |
|
|
|a OND
|
| 958 |
|
|
|a EUIPO
|
| 958 |
|
|
|a article10
|
| 999 |
|
|
|c 1998503
|d 2000433
|